[Event "Rapid m"]
[Site "Montreal CAN"]
[Date "2015.06.28"]
[Round "2"]
[White "Bareev, Evgeny"]
[Black "Lesiege, Alexandre"]
[Result "0-1"]
[WhiteElo "2663"]
[BlackElo "2528"]
[WhiteFideId "-1"]
[WhiteFideId "-1"]
[PlyCount "54"]
[GameId "2160767908913088"]
[EventDate "2015.06.28"]
[EventType "match (rapid)"]
[EventRounds "2"]
[EventCountry "CAN"]
[SourceTitle "hb 2015"]

1. c4 c5 2. g3 Nf6 3. Bg2 d5 4. cxd5 Nxd5 5. Nc3 Nc7 6. b3 e5 7. Bb2 Be7 8. e3 O-O 9. Nge2 Nc6 10. O-O Bf5 11. f4 Qd7 12. fxe5 Nxe5 13. Nf4 Rad8 14. Ncd5 Nd3 15. Nxe7+ Qxe7 16. Bxg7 Kxg7 17. Nh5+ Kg6 18. g4 Be4 19. Rf6+ Kg5 20. Qe2 Nd5 21. Raf1 Nxf6 22. h4+ Kxh4 23. Nxf6 Bg6 24. g5 h5 25. e4 Qe5 26. Kh1 Kxg5 27. Qe3+ Nf4 0-1

[Event "Pere Noel"]
[Site "Montreal CAN"]
[Date "2004.12.26"]
[Round "1"]
[White "Lesiege, Alexandre"]
[Black "Arsenault, Nicolas"]
[Result "1-0"]
[WhiteElo "2605"]
[BlackElo "2112"]
[WhiteFideId "-1"]
[WhiteFideId "-1"]
[PlyCount "65"]
[GameId "2160767911031806"]
[EventDate "2004.12.26"]
[EventType "swiss"]
[EventRounds "5"]
[EventCountry "CAN"]
[SourceTitle "EXT 2006"]
[Source "ChessBase"]
[SourceDate "2005.11.24"]
[SourceVersion "1"]
[SourceVersionDate "2005.11.24"]
[SourceQuality "1"]

1. d4 Nf6 2. c4 g6 3. Nc3 Bg7 4. e4 d6 5. Nf3 O-O 6. h3 e5 7. d5 a5 8. Be3 Na6 9. Nd2 c6 10. Be2 Bd7 11. g4 Nc5 12. g5 Ne8 13. h4 a4 14. h5 Qa5 15. a3 f6 16. hxg6 hxg6 17. Kf1 fxg5 18. Rb1 Nf6 19. Bxg5 Kf7 20. Rg1 Bh3+ 21. Ke1 Nfxe4 22. Ncxe4 Nxe4 23. b4 axb3 24. Rxb3 Bf5 25. Bd3 Nxg5 26. Bxf5 Bh6 27. Rxb7+ Kg8 28. Be6+ Nxe6 29. Rxg6+ Ng7 30. Rxh6 cxd5 31. Qg4 Rf7 32. Rh8+ Kxh8 33. Rxf7 1-0

[Event "Pere Noel"]
[Site "Montreal CAN"]
[Date "2004.12.27"]
[Round "2"]
[White "Prahov, Valentin"]
[Black "Lesiege, Alexandre"]
[Result "0-1"]
[WhiteElo "2229"]
[BlackElo "2605"]
[WhiteFideId "-1"]
[WhiteFideId "-1"]
[PlyCount "120"]
[GameId "2160767911031823"]
[EventDate "2004.12.26"]
[EventType "swiss"]
[EventRounds "5"]
[EventCountry "CAN"]
[SourceTitle "EXT 2006"]
[Source "ChessBase"]
[SourceDate "2005.11.24"]
[SourceVersion "1"]
[SourceVersionDate "2005.11.24"]
[SourceQuality "1"]

1. e4 c5 2. Nf3 d6 3. d4 cxd4 4. Nxd4 Nf6 5. Nc3 a6 6. Be2 e6 7. Be3 Nbd7 8. O-O b5 9. f3 Bb7 10. a4 b4 11. Na2 d5 12. exd5 Nxd5 13. Bf2 Bd6 14. Bc4 Bxh2+ 15. Kxh2 Qc7+ 16. Kg1 Qxc4 17. Qd2 a5 18. b3 Qa6 19. c4 bxc3 20. Nxc3 Nxc3 21. Qxc3 O-O 22. b4 Rfc8 23. Qb2 e5 24. Nf5 Qe6 25. Ng3 axb4 26. Qxb4 Rcb8 27. Qd2 Nb6 28. Rfb1 Nxa4 29. Rxa4 Rxa4 30. Rxb7 Ra1+ 31. Kh2 Re8 32. Qg5 h6 33. Qf5 Ra2 34. Be3 Qxf5 35. Nxf5 Re6 36. Kh3 Rf6 37. Ne7+ Kh7 38. Nd5 Rd6 39. Nc3 Ra1 40. Rb1 Rxb1 41. Nxb1 Rd3 42. Bd2 e4 43. Kg3 e3 44. Bxe3 Rxe3 45. Nd2 Re8 46. Nc4 Re7 47. Nd6 Kg6 48. Kf4 Re6 49. Nc4 f6 50. g4 Ra6 51. Nd2 Ra4+ 52. Kg3 h5 53. gxh5+ Kxh5 54. Nf1 f5 55. Nh2 g5 56. Nf1 Ra3 57. Nh2 f4+ 58. Kh3 Rb3 59. Kg2 Rb2+ 60. Kh3 Rf2 0-1

[Event "Pere Noel"]
[Site "Montreal CAN"]
[Date "2004.12.28"]
[Round "3"]
[White "Lesiege, Alexandre"]
[Black "Khassanov, Marat"]
[Result "1-0"]
[WhiteElo "2605"]
[BlackElo "2327"]
[WhiteFideId "-1"]
[WhiteFideId "-1"]
[PlyCount "75"]
[GameId "2160767911031833"]
[EventDate "2004.12.26"]
[EventType "swiss"]
[EventRounds "5"]
[EventCountry "CAN"]

1. d4 d5 2. c4 e6 3. Nc3 c5 4. cxd5 exd5 5. Nf3 Nf6 6. g3 Nc6 7. Bg2 Be7 8. O-O O-O 9. Bg5 cxd4 10. Nxd4 h6 11. Be3 Re8 12. Rc1 Bf8 13. Nxc6 bxc6 14. Bd4 Nh7 15. Na4 Bd7 16. Nc5 Bxc5 17. Bxc5 Ng5 18. Re1 Bh3 19. Bh1 Bg4 20. Be3 Qf6 21. Bd4 Qd6 22. f3 Bf5 23. Qa4 Rec8 24. Rc3 Qg6 25. Rec1 Bd7 26. Qc2 Qxc2 27. R3xc2 Ne6 28. Bf2 Rcb8 29. f4 g6 30. e4 dxe4 31. Bxe4 Rb4 32. Bg2 a5 33. Rd1 Be8 34. Be1 Rb6 35. Bc3 a4 36. Be5 Raa6 37. g4 Ra5 38. Re2 1-0

[Event "Pere Noel"]
[Site "Montreal CAN"]
[Date "2004.12.29"]
[Round "4"]
[White "Mikanovic, Goran"]
[Black "Lesiege, Alexandre"]
[Result "1/2-1/2"]
[WhiteElo "2342"]
[BlackElo "2605"]
[WhiteFideId "-1"]
[WhiteFideId "-1"]
[PlyCount "76"]
[GameId "2160767911031846"]
[EventDate "2004.12.26"]
[EventType "swiss"]
[EventRounds "5"]
[EventCountry "CAN"]

1. d4 d5 2. c4 dxc4 3. Nf3 Nf6 4. e3 e6 5. Bxc4 c5 6. O-O a6 7. a4 Nc6 8. Qe2 Be7 9. Rd1 Qc7 10. dxc5 Bxc5 11. b3 O-O 12. Bb2 e5 13. h3 Qe7 14. Nc3 e4 15. Nh2 Be6 16. Nd5 Nxd5 17. Bxd5 Nb4 18. Bxe4 f5 19. Bd3 f4 20. e4 Nxd3 21. Rxd3 Rae8 22. Nf3 h6 23. Rad1 Rd8 24. Bd4 Bb4 25. Qb2 Kh7 26. Bc3 Ba3 27. Qb1 Rc8 28. Be5 Rce8 29. Bd6 Bxd6 30. Rxd6 Qf7 31. R6d3 Bc8 32. Rd4 Kg8 33. b4 Be6 34. a5 Bc8 35. Qc2 Be6 36. Qd2 Qh5 37. Qd3 Qf7 38. Rd6 Bc8 1/2-1/2

[Event "Pere Noel"]
[Site "Montreal CAN"]
[Date "2004.12.30"]
[Round "5"]
[White "Lesiege, Alexandre"]
[Black "Lawson, Eric"]
[Result "1/2-1/2"]
[WhiteElo "2605"]
[BlackElo "2409"]
[WhiteFideId "-1"]
[WhiteFideId "-1"]
[PlyCount "138"]
[GameId "2160767911031860"]
[EventDate "2004.12.26"]
[EventType "swiss"]
[EventRounds "5"]
[EventCountry "CAN"]

1. d4 Nf6 2. c4 c5 3. d5 b5 4. cxb5 a6 5. bxa6 g6 6. Nc3 Bxa6 7. Nf3 d6 8. g3 Bg7 9. Bg2 Nbd7 10. Rb1 O-O 11. O-O Qa5 12. Bd2 Ng4 13. Qc2 Rfb8 14. Rfd1 Nge5 15. Nxe5 Nxe5 16. Bf1 Bc8 17. Bg2 Bf5 18. Be4 Bxe4 19. Qxe4 Rb4 20. Qc2 Nc4 21. Be1 Qb6 22. Ne4 Rxb2 23. Rxb2 Nxb2 24. Rb1 Qa6 25. Rxb2 Bxb2 26. Qxb2 Qxa2 27. Qb7 Qa7 28. Qxa7 Rxa7 29. Nc3 Ra1 30. Kf1 Rc1 31. e4 Rc2 32. Kg2 Kf8 33. Kf3 Ke8 34. Ke3 Kd7 35. Bd2 h5 36. h4 Rb2 37. Kd3 e6 38. Be3 f5 39. exf5 gxf5 40. dxe6+ Kxe6 41. Kc4 Rb4+ 42. Kd3 Rb2 43. Kc4 Rb4+ 44. Kd3 Kd7 45. Nd5 Rb7 46. Nf4 Kc6 47. Nxh5 d5 48. Nf4 d4 49. Bc1 Rb3+ 50. Kd2 Rb7 51. h5 c4 52. f3 Ra7 53. h6 Ra2+ 54. Kd1 Rh2 55. Ne2 d3 56. Nc3 Rh1+ 57. Kd2 Rxh6 58. Ke3 Rh2 59. Kd4 Rc2 60. Bf4 d2 61. Bxd2 Rxd2+ 62. Kxc4 Rf2 63. Nb5 Rc2+ 64. Kd3 Rc5 65. Nd4+ Kd6 66. g4 fxg4 67. fxg4 Ke5 68. Nf3+ Kf4 69. Nd4 Kxg4 1/2-1/2

[Event "Montreal-B"]
[Site "Montreal CAN"]
[Date "2004.08.04"]
[Round "1"]
[White "Barbeau, Sylvain"]
[Black "Lesiege, Alexandre"]
[Result "0-1"]
[WhiteElo "2404"]
[BlackElo "2497"]
[WhiteFideId "-1"]
[WhiteFideId "-1"]
[PlyCount "72"]
[GameId "2160767911086466"]
[EventDate "2004.08.04"]
[EventType "tourn"]
[EventRounds "11"]
[EventCountry "CAN"]
[EventCategory "8"]
[SourceTitle "CBM 101 Extra"]
[Source "ChessBase"]
[SourceDate "2004.09.01"]
[SourceVersion "2"]
[SourceVersionDate "2004.09.01"]
[SourceQuality "1"]

1. e4 c5 2. Nf3 Nc6 3. d4 cxd4 4. Nxd4 Nf6 5. Nc3 e5 6. Ndb5 d6 7. Bg5 a6 8. Na3 b5 9. Bxf6 gxf6 10. Nd5 f5 11. Bd3 Be6 12. O-O Bxd5 13. exd5 Ne7 14. c3 Bg7 15. Qh5 e4 16. Bc2 Qc8 17. Bb3 O-O 18. Rae1 Ng6 19. Nc2 Re8 20. f4 e3 21. Re2 a5 22. a3 b4 23. axb4 axb4 24. Nxb4 Bxc3 25. Nc6 Qb7 26. bxc3 Qxb3 27. Nd4 Qxc3 28. Nxf5 Ra1 29. g3 Rxf1+ 30. Kxf1 Qd3 31. Nxd6 Rd8 32. Nxf7 Kxf7 33. f5 Kg7 34. fxg6 Rf8+ 35. Kg2 Qe4+ 36. Kh3 hxg6 0-1

[Event "Montreal-B"]
[Site "Montreal CAN"]
[Date "2004.08.05"]
[Round "2"]
[White "Mikhalevski, Victor"]
[Black "Lesiege, Alexandre"]
[Result "1/2-1/2"]
[WhiteElo "2551"]
[BlackElo "2497"]
[WhiteFideId "-1"]
[WhiteFideId "-1"]
[PlyCount "139"]
[GameId "2160767911086474"]
[EventDate "2004.08.04"]
[EventType "tourn"]
[EventRounds "11"]
[EventCountry "CAN"]
[EventCategory "8"]
[SourceTitle "CBM 101 Extra"]
[Source "ChessBase"]
[SourceDate "2004.09.01"]
[SourceVersion "2"]
[SourceVersionDate "2004.09.01"]
[SourceQuality "1"]

1. d4 d5 2. c4 dxc4 3. Nf3 Nf6 4. e3 e6 5. Bxc4 c5 6. O-O a6 7. Bb3 b5 8. a4 b4 9. Nbd2 Bb7 10. a5 Nbd7 11. Ne5 Be7 12. Ba4 Rc8 13. dxc5 Rxc5 14. Ndf3 Rd5 15. Qe2 O-O 16. Bc6 Nxe5 17. Nxe5 Rxe5 18. Bxb7 Rxa5 19. Rxa5 Qxa5 20. Qxa6 Qc7 21. Qc6 Qxc6 22. Bxc6 Rc8 23. Bb5 Ne4 24. Rd1 Bf6 25. Kf1 g6 26. f3 Nc5 27. e4 Kg7 28. Bd2 Rb8 29. Bc4 Bxb2 30. Rb1 Bc3 31. Be3 Nb7 32. Ke2 Na5 33. Bd3 Nc6 34. Bc5 Ne5 35. Bd6 Ra8 36. Bb5 Ra5 37. Bxe5+ Bxe5 38. Bc4 Bc3 39. Bb3 Rh5 40. Rh1 Be5 41. h3 Bg3 42. Rd1 Kf6 43. Rd4 Rg5 44. Rxb4 Bd6 45. e5+ Rxe5+ 46. Re4 Rb5 47. Bc2 h5 48. Ra4 Bg3 49. Rc4 Rb2 50. Kd2 Kg5 51. Kc1 Rb7 52. Kd2 Rd7+ 53. Ke2 Rd5 54. Ke3 e5 55. Ba4 Bf4+ 56. Ke2 Rd2+ 57. Kf1 Ra2 58. Be8 Ra7 59. Kf2 Ra2+ 60. Kf1 f5 61. Ra4 Rd2 62. h4+ Kxh4 63. Bxg6 Kg3 64. Bxh5 Be3 65. Ra8 Rf2+ 66. Ke1 Kxg2 67. Rg8+ Kh3 68. Bg6 Rxf3 69. Ke2 e4 70. Bxf5+ 1/2-1/2

[Event "Montreal-B"]
[Site "Montreal CAN"]
[Date "2004.08.06"]
[Round "3"]
[White "Lesiege, Alexandre"]
[Black "Tseitlin, Mark D"]
[Result "1-0"]
[WhiteElo "2497"]
[BlackElo "2484"]
[WhiteFideId "-1"]
[WhiteFideId "-1"]
[PlyCount "59"]
[GameId "2160767911086481"]
[EventDate "2004.08.04"]
[EventType "tourn"]
[EventRounds "11"]
[EventCountry "CAN"]
[EventCategory "8"]
[SourceTitle "CBM 101 Extra"]
[Source "ChessBase"]
[SourceDate "2004.09.01"]
[SourceVersion "2"]
[SourceVersionDate "2004.09.01"]
[SourceQuality "1"]

1. d4 Nf6 2. c4 g6 3. Nc3 d5 4. cxd5 Nxd5 5. e4 Nxc3 6. bxc3 Bg7 7. Nf3 c5 8. Rb1 O-O 9. Be2 b6 10. O-O Bb7 11. Qd3 Ba6 12. Qe3 Qd7 13. Rb2 e6 14. h4 Rd8 15. Rd1 cxd4 16. cxd4 Qa4 17. Rbd2 Nc6 18. Bxa6 Qxa6 19. h5 Rac8 20. d5 exd5 21. exd5 Na5 22. hxg6 hxg6 23. Ng5 Nc4 24. Qh3 Qa4 25. Rd3 Nd6 26. Ba3 Rc5 27. Bxc5 bxc5 28. Qh7+ Kf8 29. Ne6+ fxe6 30. dxe6 1-0

[Event "Montreal-B"]
[Site "Montreal CAN"]
[Date "2004.08.07"]
[Round "4"]
[White "Lawson, Eric"]
[Black "Lesiege, Alexandre"]
[Result "0-1"]
[WhiteElo "2276"]
[BlackElo "2497"]
[WhiteFideId "-1"]
[WhiteFideId "-1"]
[PlyCount "56"]
[GameId "2160767911086486"]
[EventDate "2004.08.04"]
[EventType "tourn"]
[EventRounds "11"]
[EventCountry "CAN"]
[EventCategory "8"]
[SourceTitle "CBM 101 Extra"]
[Source "ChessBase"]
[SourceDate "2004.09.01"]
[SourceVersion "2"]
[SourceVersionDate "2004.09.01"]
[SourceQuality "1"]

1. e4 c6 2. d4 d5 3. exd5 cxd5 4. c4 Nf6 5. Nc3 e6 6. Nf3 Bb4 7. cxd5 Nxd5 8. Bd2 O-O 9. Bd3 Nc6 10. O-O Be7 11. a3 Bf6 12. Qe2 Bxd4 13. Rad1 e5 14. Qe4 Nf6 15. Qh4 Bxf2+ 16. Rxf2 Qxd3 17. Bg5 Qg6 18. Bxf6 Qxf6 19. Ng5 Qg6 20. Nxf7 Be6 21. Ng5 Rxf2 22. Kxf2 Rf8+ 23. Nf3 Rf4 24. Qg3 Rg4 25. Qh3 e4 26. Rd6 exf3 27. gxf3 Qc2+ 28. Ke3 Re4+ 0-1

[Event "Montreal-B"]
[Site "Montreal CAN"]
[Date "2004.08.08"]
[Round "5"]
[White "Lesiege, Alexandre"]
[Black "Divljan, Igor"]
[Result "1-0"]
[WhiteElo "2497"]
[BlackElo "2317"]
[WhiteFideId "-1"]
[WhiteFideId "-1"]
[PlyCount "135"]
[GameId "2160767911094684"]
[EventDate "2004.08.04"]
[EventType "tourn"]
[EventRounds "11"]
[EventCountry "CAN"]
[EventCategory "8"]
[SourceTitle "CBM 101 Extra"]
[Source "ChessBase"]
[SourceDate "2004.09.01"]
[SourceVersion "2"]
[SourceVersionDate "2004.09.01"]
[SourceQuality "1"]

1. c4 Nf6 2. g3 e6 3. Bg2 d5 4. Nf3 c5 5. cxd5 Nxd5 6. O-O Nc6 7. Nc3 Nxc3 8. bxc3 Be7 9. d4 O-O 10. Rb1 Qc7 11. Bf4 Bd6 12. Bxd6 Qxd6 13. Qa4 Qc7 14. Qb5 cxd4 15. cxd4 Rb8 16. Rfc1 Bd7 17. Qc5 Rfc8 18. Ne5 Be8 19. e3 h6 20. h4 Qd8 21. Nxc6 Bxc6 22. Qxa7 Ra8 23. Qb6 Qxb6 24. Rxb6 Rxa2 25. Bxc6 Rxc6 26. Rcxc6 bxc6 27. Rxc6 h5 28. Kg2 g6 29. Kf3 Kg7 30. Rc7 Rd2 31. Rd7 Ra2 32. e4 Rb2 33. Ke3 Kf6 34. f3 Kg7 35. Kf4 Ra2 36. Ke5 Ra3 37. Kf4 Rb3 38. Rc7 Rd3 39. Rd7 Ra3 40. Rd8 Rb3 41. Rd7 Ra3 42. g4 hxg4 43. fxg4 Rd3 44. e5 Kf8 45. Kg5 Ke8 46. Rd6 Rd1 47. Kf6 Rf1+ 48. Kg7 Rh1 49. Ra6 Rxh4 50. Ra8+ Ke7 51. Ra7+ Ke8 52. Kf6 Rxg4 53. Re7+ Kd8 54. Kxf7 Rxd4 55. Kxe6 g5 56. Rg7 g4 57. Rg8+ Kc7 58. Ke7 Re4 59. e6 Rf4 60. Rg6 Kc6 61. Rg5 Re4 62. Kf7 Kd6 63. Rg6 Rf4+ 64. Ke8 Ke5 65. e7 Kf5 66. Kf7 Re4 67. Rf6+ Kg5 68. Re6 1-0

[Event "Montreal-B"]
[Site "Montreal CAN"]
[Date "2004.08.11"]
[Round "7"]
[White "Lesiege, Alexandre"]
[Black "Teplitsky, Yan"]
[Result "1/2-1/2"]
[WhiteElo "2497"]
[BlackElo "2440"]
[WhiteFideId "-1"]
[WhiteFideId "-1"]
[PlyCount "109"]
[GameId "2160767911094697"]
[EventDate "2004.08.04"]
[EventType "tourn"]
[EventRounds "11"]
[EventCountry "CAN"]
[EventCategory "8"]
[SourceTitle "CBM 101 Extra"]
[Source "ChessBase"]
[SourceDate "2004.09.01"]
[SourceVersion "2"]
[SourceVersionDate "2004.09.01"]
[SourceQuality "1"]

1. d4 g6 2. c4 Bg7 3. e4 d6 4. Nc3 e5 5. d5 a5 6. Bd3 Na6 7. a3 Bh6 8. Bc2 Bxc1 9. Qxc1 Nf6 10. f4 exf4 11. Qxf4 O-O 12. Nf3 Nh5 13. Qh6 Qf6 14. O-O Bg4 15. e5 dxe5 16. Rae1 Bxf3 17. Rxf3 Qg7 18. Qxg7+ Kxg7 19. Rxe5 Rfe8 20. Rfe3 Nf6 21. Ba4 Rxe5 22. Rxe5 Kf8 23. d6 cxd6 24. Rxa5 Nc7 25. Rg5 Rd8 26. Bd1 Nd7 27. Ra5 Ne5 28. Ra7 Rb8 29. Nb5 Na6 30. Bf3 Nxc4 31. Bxb7 Nc5 32. Bd5 Ne5 33. Ra8 Rxa8 34. Bxa8 Ke7 35. b4 Ncd3 36. Kf1 f5 37. Ke2 Kd7 38. Ke3 h5 39. Bd5 h4 40. Nd4 Kc7 41. Nf3 Nxf3 42. gxf3 Ne1 43. f4 Nc2+ 44. Kd3 Nxa3 45. Bf7 Kd7 46. Bxg6 Ke6 47. Be8 d5 48. b5 Nc4 49. Kd4 Kd6 50. h3 Nd2 51. Bg6 Nb3+ 52. Kc3 Nc1 53. Kd2 Nb3+ 54. Kc3 Nc1 55. Kd2 1/2-1/2

[Event "Montreal-B"]
[Site "Montreal CAN"]
[Date "2004.08.12"]
[Round "8"]
[White "Arencibia Rodriguez, Walter"]
[Black "Lesiege, Alexandre"]
[Result "1/2-1/2"]
[WhiteElo "2531"]
[BlackElo "2497"]
[WhiteFideId "-1"]
[WhiteFideId "-1"]
[PlyCount "53"]
[GameId "2160767911094699"]
[EventDate "2004.08.04"]
[EventType "tourn"]
[EventRounds "11"]
[EventCountry "CAN"]
[EventCategory "8"]
[SourceTitle "CBM 101 Extra"]
[Source "ChessBase"]
[SourceDate "2004.09.01"]
[SourceVersion "2"]
[SourceVersionDate "2004.09.01"]
[SourceQuality "1"]

1. d4 d5 2. c4 dxc4 3. Nf3 Nf6 4. e3 e6 5. Bxc4 c5 6. O-O a6 7. dxc5 Bxc5 8. Qxd8+ Kxd8 9. Ne5 Ke7 10. Be2 Nbd7 11. Nc4 a5 12. Nc3 a4 13. Rd1 Nb6 14. Nxb6 Bxb6 15. Bf3 Nd7 16. Bd2 Ne5 17. Be2 Bd7 18. Ne4 Ba5 19. Bxa5 Rxa5 20. Rac1 Bc6 21. Nc3 Rd8 22. a3 Raa8 23. f3 Rxd1+ 24. Rxd1 Rd8 25. Rxd8 Kxd8 26. Kf2 Kc7 27. f4 1/2-1/2

[Event "Montreal-B"]
[Site "Montreal CAN"]
[Date "2004.08.13"]
[Round "9"]
[White "Lesiege, Alexandre"]
[Black "Stripunsky, Alexander"]
[Result "1/2-1/2"]
[WhiteElo "2497"]
[BlackElo "2553"]
[WhiteFideId "-1"]
[WhiteFideId "-1"]
[PlyCount "109"]
[GameId "2160767911094709"]
[EventDate "2004.08.04"]
[EventType "tourn"]
[EventRounds "11"]
[EventCountry "CAN"]
[EventCategory "8"]
[SourceTitle "CBM 101 Extra"]
[Source "ChessBase"]
[SourceDate "2004.09.01"]
[SourceVersion "2"]
[SourceVersionDate "2004.09.01"]
[SourceQuality "1"]

1. d4 d5 2. c4 c6 3. Nf3 e6 4. Nc3 Nf6 5. Bg5 h6 6. Bh4 dxc4 7. e4 g5 8. Bg3 b5 9. Be2 Bb7 10. h4 g4 11. Ne5 Rg8 12. Nxg4 Nxg4 13. Bxg4 Nd7 14. O-O b4 15. Na4 Be7 16. Rc1 Ba6 17. Be2 Bxh4 18. Bxc4 Bxc4 19. Rxc4 Qg5 20. Qf3 Bxg3 21. fxg3 Rg7 22. Rxb4 Qxg3 23. Rb7 Qd6 24. Qf2 O-O-O 25. Nc5 Nb6 26. Rxf7 Rxf7 27. Qxf7 Qxd4+ 28. Qf2 e5 29. Kh2 Qxf2 30. Rxf2 Nd7 31. Nd3 Kc7 32. Rf7 Kb6 33. Re7 a5 34. a4 Nc5 35. Nxc5 Kxc5 36. Rxe5+ Kb4 37. Re6 c5 38. Rb6+ Kc4 39. e5 Re8 40. e6 Kd5 41. e7 Rxe7 42. Rxh6 Rb7 43. Ra6 Rxb2 44. Rxa5 Kd4 45. Ra8 c4 46. a5 Rb7 47. a6 Rc7 48. a7 Kc5 49. g4 c3 50. Rd8 Rxa7 51. Rc8+ Kd4 52. Rd8+ Ke3 53. Rc8 Kd2 54. Kg3 Rd7 55. Kf4 1/2-1/2

[Event "Montreal-B"]
[Site "Montreal CAN"]
[Date "2004.08.14"]
[Round "10"]
[White "Garcia, Gildardo"]
[Black "Lesiege, Alexandre"]
[Result "0-1"]
[WhiteElo "2461"]
[BlackElo "2497"]
[WhiteFideId "-1"]
[WhiteFideId "-1"]
[PlyCount "100"]
[GameId "2160767911094712"]
[EventDate "2004.08.04"]
[EventType "tourn"]
[EventRounds "11"]
[EventCountry "CAN"]
[EventCategory "8"]
[SourceTitle "CBM 101 Extra"]
[Source "ChessBase"]
[SourceDate "2004.09.01"]
[SourceVersion "2"]
[SourceVersionDate "2004.09.01"]
[SourceQuality "1"]

1. e4 c5 2. Nf3 d6 3. c3 Nf6 4. Be2 Nbd7 5. d3 g6 6. Nbd2 Bg7 7. O-O O-O 8. Re1 b6 9. d4 e5 10. dxe5 dxe5 11. Qc2 Bb7 12. a4 a6 13. Bf1 Qc7 14. Nc4 Rfb8 15. Na3 Bc6 16. Bg5 Qb7 17. Bxf6 Nxf6 18. Nxe5 Bxe4 19. Qb3 Bd5 20. Qc2 Re8 21. Nec4 Qc7 22. h3 Bc6 23. Qb3 Nd5 24. g3 Red8 25. Bg2 Rab8 26. Nc2 b5 27. axb5 axb5 28. N4e3 c4 29. Qa3 Nxe3 30. Nxe3 Bxg2 31. Nxg2 b4 32. cxb4 Rd2 33. Qe3 Rxb2 34. Ra7 Qd6 35. Qf3 Rxf2 36. Qxf2 Bd4 37. Rxf7 Bxf2+ 38. Rxf2 Qxg3 39. Re3 Qd6 40. Nf4 Qd4 41. Ref3 Rxb4 42. Ne6 Rb1+ 43. Kg2 Qe4 44. Ng5 Qd5 45. h4 c3 46. Kh3 Qd7+ 47. Kg3 Qd6+ 48. Kg2 Rb2 49. Ne4 Rxf2+ 50. Nxf2 c2 0-1

[Event "Quebec op"]
[Site "Montreal CAN"]
[Date "2004.07.20"]
[Round "4"]
[White "Robichaud, Louis"]
[Black "Lesiege, Alexandre"]
[Result "0-1"]
[WhiteElo "2080"]
[BlackElo "2497"]
[WhiteFideId "-1"]
[WhiteFideId "-1"]
[PlyCount "64"]
[GameId "2160767911095065"]
[EventDate "2004.07.17"]
[EventType "swiss"]
[EventRounds "9"]
[EventCountry "CAN"]
[SourceTitle "CBM 101 Extra"]
[Source "ChessBase"]
[SourceDate "2004.09.01"]
[SourceVersion "2"]
[SourceVersionDate "2004.09.01"]
[SourceQuality "1"]

1. e4 c5 2. Nc3 Nc6 3. g3 g6 4. Bg2 Bg7 5. d3 d6 6. f4 e6 7. Nf3 Nge7 8. O-O O-O 9. Be3 b6 10. Bf2 Bb7 11. Rb1 Qd7 12. Qd2 Nd4 13. Ne1 e5 14. Nd1 exf4 15. gxf4 f5 16. c3 Ne6 17. Bg3 Bh6 18. Ne3 Ng7 19. c4 Rf7 20. Nd5 fxe4 21. dxe4 Raf8 22. Nc3 Nh5 23. Nd3 Nc6 24. Rbc1 Nd4 25. Ne2 Bg7 26. Nxd4 Bxd4+ 27. Bf2 Bxf2+ 28. Rxf2 Qg4 29. f5 gxf5 30. e5 Rg7 31. Kh1 Qh4 32. Kg1 f4 0-1

[Event "Quebec op"]
[Site "Montreal CAN"]
[Date "2004.07.21"]
[Round "5"]
[White "Lesiege, Alexandre"]
[Black "Milicevic, Goran"]
[Result "1/2-1/2"]
[WhiteElo "2497"]
[BlackElo "2271"]
[WhiteFideId "-1"]
[WhiteFideId "-1"]
[PlyCount "112"]
[GameId "2160767911095083"]
[EventDate "2004.07.17"]
[EventType "swiss"]
[EventRounds "9"]
[EventCountry "CAN"]
[SourceTitle "CBM 101 Extra"]
[Source "ChessBase"]
[SourceDate "2004.09.01"]
[SourceVersion "2"]
[SourceVersionDate "2004.09.01"]
[SourceQuality "1"]

1. d4 e6 2. c4 Bb4+ 3. Bd2 Qe7 4. e4 b6 5. Bd3 Bxd2+ 6. Qxd2 Bb7 7. Nc3 f5 8. f3 Nc6 9. Nge2 fxe4 10. fxe4 Nf6 11. O-O O-O-O 12. Qg5 h6 13. Qe3 e5 14. d5 Ng4 15. Qg3 Qc5+ 16. Kh1 Nb4 17. Na4 Qe3 18. Qxe3 Nxe3 19. Rf3 Ng4 20. Bb1 Ba6 21. b3 b5 22. a3 Nc2 23. Bxc2 bxa4 24. h3 Nf6 25. Ng3 axb3 26. Rxb3 d6 27. Rab1 g6 28. c5 dxc5 29. Rc3 c4 30. Rb4 Ne8 31. Ra4 Kb7 32. Rb4+ Kc8 33. Ra4 Rd6 34. Ra5 Rb6 35. Rf3 Nd6 36. Rf6 Rg8 37. Kg1 Kb8 38. Re6 c3 39. Rc5 Bc4 40. Rxd6 cxd6 41. Rxc4 Rc8 42. Rxc8+ Kxc8 43. Nf1 Rb2 44. Ne3 Ra2 45. a4 Kc7 46. Kf1 Kb6 47. Ke2 Kc5 48. Kd3 Kb4 49. g4 Ra1 50. Bd1 Rc1 51. h4 a6 52. h5 gxh5 53. gxh5 a5 54. Ke2 Ka3 55. Kd3 Kb4 56. Ke2 Ka3 1/2-1/2

[Event "Quebec op"]
[Site "Montreal CAN"]
[Date "2004.07.22"]
[Round "6"]
[White "Lawson, Eric"]
[Black "Lesiege, Alexandre"]
[Result "0-1"]
[WhiteElo "2276"]
[BlackElo "2497"]
[WhiteFideId "-1"]
[WhiteFideId "-1"]
[PlyCount "137"]
[GameId "2160767911095113"]
[EventDate "2004.07.17"]
[EventType "swiss"]
[EventRounds "9"]
[EventCountry "CAN"]
[SourceTitle "CBM 101 Extra"]
[Source "ChessBase"]
[SourceDate "2004.09.01"]
[SourceVersion "2"]
[SourceVersionDate "2004.09.01"]
[SourceQuality "1"]

1. e4 e5 2. Nf3 Nf6 3. Nxe5 d6 4. Nf3 Nxe4 5. Qe2 Qe7 6. d3 Nf6 7. Bg5 Nbd7 8. Nc3 h6 9. Bd2 g6 10. O-O-O Bg7 11. Re1 Qxe2 12. Bxe2 a6 13. Bd1+ Kd8 14. Nd4 Re8 15. f4 Nf8 16. h3 Rb8 17. Ref1 Nh5 18. Nde2 f5 19. Rhg1 Nf6 20. Nd4 c5 21. Nf3 b5 22. Nh4 b4 23. Na4 Bb7 24. c4 h5 25. Rf3 Ke7 26. Re3+ Kf7 27. Nf3 Rxe3 28. Bxe3 Ne6 29. Ng5+ Nxg5 30. fxg5 Ne8 31. Bf4 Bd4 32. Rf1 Bc6 33. g4 Bg2 34. Re1 fxg4 35. hxg4 h4 36. Be2 Bf2 37. Rd1 h3 38. Bf1 Bd4 39. Kd2 Bf3 40. Bxh3 Bxd1 41. Kxd1 Ke7 42. Bg2 Nc7 43. Be4 Ne6 44. Bg3 Rg8 45. Nb6 Bxb2 46. Nd5+ Kf7 47. Bxd6 Nxg5 48. Bg2 Ne6 49. Kc2 Bg7 50. Kb3 Rd8 51. Bg3 Nd4+ 52. Ka4 Re8 53. Be4 Ne2 54. Bd6 Bd4 55. g5 Nc3+ 56. Nxc3 bxc3 57. Kb3 Kg7 58. Bc7 Rf8 59. Bg3 Rf1 60. a4 Rb1+ 61. Kc2 Rb2+ 62. Kd1 c2+ 63. Kd2 Be3+ 64. Kxe3 c1=Q+ 65. Kf3 Qf1+ 66. Kg4 Re2 67. Be5+ Kh7 68. Bf6 Rxe4+ 69. dxe4 0-1